Metodika identifikácie zdrojov aerodynamického hluku v prevádzke turbokompresorov

Salvato in:
Dettagli Bibliografici
Autore principale: Doman, Jozef (Autore)
Altri autori: Chmelko, Vladimír (Relatore della tesi)
Natura: Manoscritto Libro
Lingua:slovacco
Pubblicazione: 2025
Soggetti:
Accesso online:http://is.stuba.sk/zp/portal_zp.pl?podrobnosti=192622
Tags: Aggiungi Tag
Nessun Tag, puoi essere il primo ad aggiungerne!!

MARC

LEADER 00000ntm a22000003a 4500
001 stuzp101513
003 SK-STU
005 20250830210517.2
007 ta
008 150427s2015----xo-----f-mn---000-0-slo-d
040 |a STU  |b slo 
041 0 |a slo 
100 1 |a Doman, Jozef  |u 020010  |4 aut  |U SjF Strojnícka fakulta  |T SjF Ústav aplikovanej mechaniky a mechatroniky  |X 135388  |U J0010  |Y 801  |7 135388 
242 0 1 |a Methodology for identification of aerodynamic noise sources in turbocompressor operation  |y eng 
245 1 0 |a Metodika identifikácie zdrojov aerodynamického hluku v prevádzke turbokompresorov 
260 |c 2025 
650 4 |a Kompresor  |2 slo 
650 4 |a Hluk  |2 slo 
650 4 |a Metodika  |2 slo 
650 4 |a Compressor  |2 eng 
650 4 |a Noise  |2 eng 
650 4 |a Methodology  |2 eng 
700 1 |a Chmelko, Vladimír  |u 020010  |k Z1  |4 ths  |U SjF Strojnícka fakulta  |T SjF Ústav aplikovanej mechaniky a mechatroniky  |X 2396  |U J0010  |Y 801  |7 A000002396 
856 4 |u http://is.stuba.sk/zp/portal_zp.pl?podrobnosti=192622 
996 |b 284J047776  |c J* 119746  |l JJST  |s P  |a 0  |w stuzp101513_0001